<The> Host Country Attractiveness from Perspective of Selected FDI Indices
Vonkajšie determinanty hostiteľskej krajiny ako faktory pre priame zahraničné investície (PZI). Vybrané ukazovatele PZI a identifikácia najpríťažlivejších európskych krajín pre zahraničných investorov.
Saved in:
| Main Author: | |
|---|---|
| Format: | Book Chapter |
| Language: | English |
| Subjects: | |
| Tags: |
No Tags, Be the first to tag this record!
|
MARC
| LEADER | 00000nla a2200000 4500 | ||
|---|---|---|---|
| 001 | 0216331 | ||
| 005 | 20240502083543.0 | ||
| 041 | 0 | |a eng | |
| 044 | |a RO | ||
| 245 | 1 | 0 | |a <The> Host Country Attractiveness from Perspective of Selected FDI Indices |c Barbora Gontkovičová |
| 520 | |a Vonkajšie determinanty hostiteľskej krajiny ako faktory pre priame zahraničné investície (PZI). Vybrané ukazovatele PZI a identifikácia najpríťažlivejších európskych krajín pre zahraničných investorov. | ||
| 610 | 2 | 0 | |a investície priame zahraničné |
| 610 | 2 | 0 | |a indexy |
| 610 | 2 | 0 | |a stratégia investičná |
| 610 | 2 | 0 | |a investori |
| 610 | 2 | 0 | |a investovanie |
| 610 | 2 | 0 | |a prostredie podnikateľské |
| 610 | 2 | 0 | |a Európa |
| 100 | 1 | |a Gontkovičová, Barbora, 1986- | |